000 00564nam a22002177a 4500
003 UA-OsUOA
001 39083
007 ta
008 20060608b un ||||| |||| 00| 0 ukr d
100 _aЩербакова Марина
090 _a32
_bЩ11
942 _cSA
040 _aUA-OsUOA
_bukr
_cUA-OsUOA
_dUA-OsUOA
245 _aВирішальне слово скаже президент
300 _a2 с.
955 _a0
041 _aukr
080 _a32
773 0 _w39081
_tУкраїна- business
_dК.
_d2006
_g20
650 7 _a32 Політика
_2UDC
999 _c325228
_d325228